Zadymiarze z brawl stars z podpowiedzią - Statystyki

Ogólne statystyki
  • Ten quiz został rozwiązany 69 razy
  • Średni wynik to 9 z 14
Statystyki odpowiedzi
Odpowiedź % Poprawnych
Ma szalik Edgar
98%
Zadymiarz początkowy Shelly
94%
Ma balona Gus
92%
Rzuca niedźwiedzia jako superatak Nita
91%
Mówi: Eeeeeeeeeeeeeeeeeeel pr..... El primo
89%
Nic nie mówi Spike
89%
Ma 2 litery w imieniu Bo
70%
Wujek emz Mortis
57%
Legendarny z okularami Surge
55%
Rzadki z okularami Brock
53%
Jest najmniejszy Eve
43%
Jego imię to kolor Gray
42%
Ostatni alfabetycznie Willow
42%
Ma dwa superataki Bonnie
13%
Nie znaleziono quizów pasujących do podanych kryteriów
Rozkład punktacji
Procent ludzi z każdym wynikiem
Percentyl według liczby udzielonych odpowiedzi
Twoja historia wyników
Nie rozwiązałeś tego quizu